Novena -IX- Asamblea Anual "Omar Dengo"

Sparad:
Bibliografiska uppgifter
Institutionell upphovsman: Sindicato de Educadores Costarricenses
Materialtyp: Okänd
Publicerad: San José: SEC
Ämnen:
Taggar: Lägg till en tagg
Inga taggar, Lägg till första taggen!

MARC

LEADER 00000 a2200000 04500
001 15521
003
008 991231s d
040
090 |a 020608  
110 |a Sindicato de Educadores Costarricenses  
245 |a Novena -IX- Asamblea Anual "Omar Dengo"  
260 |a San José:   |b SEC  
300 |a 84 p.  
650 |a SINDICATOS  
999 |c 8349  |d 8349